Alonso Cano (Record no. 7465)

MARC details
000 -CABECERA
campo de control de longitud fija 00810nam a2200265 a 4500
001 - NÚMERO DE CONTROL
campo de control BRCA_7791
005 - FECHA Y HORA DE LA ÚLTIMA TRANSACCIÓN
campo de control 20190320210009.0
008 - DATOS DE LONGITUD FIJA--INFORMACIÓN GENERAL
campo de control de longitud fija 011013s1955----u--a###f##---#001-0#eng-#
041 ## - CÓDIGO DE LENGUA
Código de lengua del texto/banda sonora o título independiente eng
044 ## - CÓDIGO DEL PAÍS DE LA ENTIDAD EDITORA/PRODUCTORA
Código MARC del país u
050 #4 - SIGNATURA TOPOGRÁFICA DE LA BIBLIOTECA DEL CONGRESO
Número de clasificación N7113.C3
Número de documento/Ítem .W48 1955
100 1# - ENTRADA PRINCIPAL--NOMBRE DE PERSONA
Nombre de persona Wethey, Harold Edwin
9 (RLIN) 9213
245 10 - MENCIÓN DE TÍTULO
Título Alonso Cano
Resto del título painter, sculptor, architect
Mención de responsabilidad, etc. by Harold Edwin Wethey.
260 ## - PUBLICACIÓN, DISTRIBUCIÓN, ETC.
Lugar de publicación, distribución, etc. Nueva Jersey
Nombre del editor, distribuidor, etc. Princeton University
Fecha de publicación, distribución, etc. 1955
300 ## - DESCRIPCIÓN FÍSICA
Extensión xiii, 227 p.
Otras características físicas il., 167 láminas
Dimensiones 27 cm.
500 ## - NOTA GENERAL
Nota general Incluye breve biografía de Alonso Cano
500 ## - NOTA GENERAL
Nota general X46
600 14 - PUNTO DE ACCESO ADICIONAL DE MATERIA--NOMBRE DE PERSONA
Nombre de persona Cano, Alonso
Fechas asociadas al nombre 1601-1667
9 (RLIN) 9388
650 14 - PUNTO DE ACCESO ADICIONAL DE MATERIA--TÉRMINO DE MATERIA
Término de materia o nombre geográfico como elemento de entrada Artistas españoles
9 (RLIN) 19299
650 14 - PUNTO DE ACCESO ADICIONAL DE MATERIA--TÉRMINO DE MATERIA
Término de materia o nombre geográfico como elemento de entrada Pintores españoles
9 (RLIN) 7620
650 14 - PUNTO DE ACCESO ADICIONAL DE MATERIA--TÉRMINO DE MATERIA
Término de materia o nombre geográfico como elemento de entrada Escultores españoles
9 (RLIN) 8024
650 14 - PUNTO DE ACCESO ADICIONAL DE MATERIA--TÉRMINO DE MATERIA
Término de materia o nombre geográfico como elemento de entrada Arquitectos españoles
9 (RLIN) 18448
902 ## - CATALOGADOR
Iniciales GFM
942 ## - ELEMENTOS DE PUNTO DE ACCESO ADICIONAL (KOHA)
Fuente del sistema de clasificación o colocación Library of Congress Classification
Tipo de ítem Koha Libros
Holdings
Estado de retiro Estado de pérdida Estado dañado No para préstamo Localización permanente Ubicación/localización actual Fecha de adquisición Número de inventario Total de préstamos Signatura topográfica completa Código de barras Fecha visto por última vez Precio válido a partir de Tipo de ítem Koha
El ejemplar forma parte de la colección y puede ser consultado según las políticas vigentes.       Biblioteca del Museo Franz Mayer (Rogerio Casas-Alatriste) Biblioteca del Museo Franz Mayer (Rogerio Casas-Alatriste) 01/10/2013 X46   N7113.C3 .W48 1955 (X46) 8400 22/03/2019 22/03/2019 Libros